Štrukturálne zmeny v ekonomike SR - rast významu cestovného ruchu
Cestovný ruch v ekonomike Slovenska. Prínos pre zamestnanosť. Rast devízových príjmov z aktívneho zahraničného cestovného ruchu. Štátna politika cestovného ruchu. Základné tendencie, ciele a nástroje rozvoja cestovného ruchu. Úloha cestovného ruchu v ekonomickom a sociálnom rozvoji SR.
Enregistré dans:
| Auteur principal: | |
|---|---|
| Format: | Chapitre de livre |
| Langue: | slovaque |
| Sujets: | |
| Tags: |
Pas de tags, Soyez le premier à ajouter un tag!
|
MARC
| LEADER | 00000naa a2200000 4500 | ||
|---|---|---|---|
| 001 | r027772 | ||
| 005 | 20230824093358.1 | ||
| 041 | 0 | |a slo | |
| 044 | |a SK | ||
| 245 | 1 | 0 | |a Štrukturálne zmeny v ekonomike SR - rast významu cestovného ruchu |c Vladimír Baláž |
| 520 | |a Cestovný ruch v ekonomike Slovenska. Prínos pre zamestnanosť. Rast devízových príjmov z aktívneho zahraničného cestovného ruchu. Štátna politika cestovného ruchu. Základné tendencie, ciele a nástroje rozvoja cestovného ruchu. Úloha cestovného ruchu v ekonomickom a sociálnom rozvoji SR. | ||
| 610 | 2 | 0 | |a zmeny štruktúrne |
| 610 | 2 | 0 | |a Slovensko |
| 610 | 2 | 0 | |a ruch cestovný |
| 610 | 2 | 0 | |a hospodárstvo národné |
| 610 | 2 | 0 | |a zamestnanosť |
| 610 | 2 | 0 | |a ruch cestovný zahraničný |
| 610 | 2 | 0 | |a politika hospodárska |
| 610 | 2 | 0 | |a príjmy |
| 610 | 2 | 0 | |a devízy |
| 610 | 2 | 0 | |a rozvoj hospodársky |
| 100 | 1 | |a Baláž, Vladimír | |